000 01172nam a22003497a 4500
003 CHAP
005 20220329134140.0
008 971013s1984 mx a r 00010 spa d
010 _a16164
011 _a17136
035 _a21219
040 _cCHAP
082 0 4 _a330.972
_bH6 1984
100 0 0 _aHolguín Sáenz, Armando Antonio.
_955932
245 1 _aBreve ensayo sobre la geografía económica del estado de Chihuahua
250 _a2 ed.
260 _aChihuahua, Chih. :
_bTuristas Editores,
_c1984
300 _a680 p.
_b: ilus.
490 _aCol. entidades federativas
590 _aBATCH-UPD
_b10
_c20130110
_lUCH01
_h0016
590 _aBATCH-UPD
_b10
_c20130110
_lUCH01
_h1006
590 _aBATCH-UPD
_b10
_c20130409
_lUCH01
_h1954
590 _aBATCH-UPD
_b10
_c20130410
_lUCH01
_h0616
590 _aBATCH-UPD
_b10
_c20130913
_lUCH01
_h2028
590 _aCONVERSION
_b10
_c20130109
_lUCH01
_h1310
650 1 4 _aAgricultura
_xChihuahua.
_91356
650 1 4 _aGeografía económica
_xChihuahua.
_947578
830 0 _aCol. entidades federativas
_924551
901 _aBK
942 _cLIBRO
949 _a330.972 H6 1984
_bBC
_cLIBRO
_d33724000325213
_eLIBRO
_h66044
_i21219
_mD
_si
999 _c16164
_d16164